| 000 | 01829nam0a2200385 i 4500 | ||
|---|---|---|---|
| 001 | RU\NLR\BIBL_A\010359188 | ||
| 005 | 20240921171338.0 | ||
| 010 |
_a9785942742614 _945 |
||
| 021 |
_aRU _b2014-20557 _91277 |
||
| 035 | _a(NILC)RuMoRGB-006765493 | ||
| 035 | _a(NLR Aleph) 010359188 | ||
| 090 |
_a10773549 _c10773550 |
||
| 100 | _a20140521d2014 km y0rusy50 ca | ||
| 101 | 0 | _arus | |
| 102 | _aRU | ||
| 105 | _aa|||z|||000yy | ||
| 200 | 1 |
_aМеталлический газовый электронный умножитель _fВ. И. Разин |
|
| 210 |
_aМосква _cИнститут ядерных исследований РАН _d2014 |
||
| 215 |
_a6, [1] с. _cил. _d29 |
||
| 225 | 1 |
_aПрепринт ИЯИ РАН _fФедеральное гос. бюджетное учреждение науки Ин-т ядерных исслед. Рос. акад. наук _v1379/2014, январь 2014 |
|
| 320 | _aБиблиогр. в конце кн. (2 назв.) | ||
| 606 |
_aДетекторы ядерного излучения газоразрядные проволочные _92206694 _3RU\NLR\AUTH\661325775 |
||
| 606 |
_aДетекторы ядерного излучения газоразрядные _xФотоэлектронные умножители _92178889 _3RU\NLR\AUTH\6601547106 |
||
| 606 |
_aЭлектронные умножители _91297405 _3RU\NLR\AUTH\66537005 |
||
| 610 | 0 | _aгазовый электронный умножитель | |
| 675 | _a539.1.07 | ||
| 686 | 1 | _aВ381.51 | |
| 700 | 1 |
_aРазин _bВ. И. _gВладимир Иванович |
|
| 801 | 0 |
_aRU _bRuMoRKP _c20140320 _gRCR |
|
| 801 | 2 |
_aRU _bРГБ _c20140422 _grcr |
|
| 801 | 1 |
_aRU _bRuMoRKP _c20140320 _2rusmarc |
|
| 942 | _cBOOK | ||
| 980 | _aNBR | ||